Operations Management (Record no. 536)

MARC details
000 -LEADER
fixed length control field 01002cam a22003498i 4500
001 - CONTROL NUMBER
control field 17755277
003 - CONTROL NUMBER IDENTIFIER
control field OSt
005 - DATE AND TIME OF LATEST TRANSACTION
control field 20180423185849.0
008 - FIXED-LENGTH DATA ELEMENTS--GENERAL INFORMATION
fixed length control field 130529s2013 mau b 001 0 eng
010 ## - LIBRARY OF CONGRESS CONTROL NUMBER
LC control number 2013014187
020 ## - INTERNATIONAL STANDARD BOOK NUMBER
International Standard Book Number 9780273776208 (alk. paper)
020 ## - INTERNATIONAL STANDARD BOOK NUMBER
Canceled/invalid ISBN 9780273776284 (PDF)
020 ## - INTERNATIONAL STANDARD BOOK NUMBER
Canceled/invalid ISBN 9780273776215 (eText)
040 ## - CATALOGING SOURCE
Original cataloging agency DLC
Language of cataloging eng
Transcribing agency DLC
Description conventions rda
Modifying agency DLC
042 ## - AUTHENTICATION CODE
Authentication code pcc
050 00 - LIBRARY OF CONGRESS CALL NUMBER
Classification number TS155
Item number .S562 2013
082 00 - DEWEY DECIMAL CLASSIFICATION NUMBER
Classification number 658 SLA 2013
Edition number 23
100 1# - MAIN ENTRY--PERSONAL NAME
Personal name Slack, Nigel; Brandon-Jones, Alistair; Johnston, Robert,
9 (RLIN) 1382
245 10 - TITLE STATEMENT
Title Operations Management
250 ## - EDITION STATEMENT
Edition statement 7th ed.
263 ## - PROJECTED PUBLICATION DATE
Projected publication date 1306
264 #1 - PRODUCTION, PUBLICATION, DISTRIBUTION, MANUFACTURE, AND COPYRIGHT NOTICE
Place of production, publication, distribution, manufacture Boston :
Name of producer, publisher, distributor, manufacturer Pearson,
Date of production, publication, distribution, manufacture, or copyright notice 2013.
300 ## - PHYSICAL DESCRIPTION
Extent pages cm
336 ## - CONTENT TYPE
Content type term text
Source rdacontent
337 ## - MEDIA TYPE
Media type term unmediated
Source rdamedia
338 ## - CARRIER TYPE
Carrier type term volume
Source rdacarrier
504 ## - BIBLIOGRAPHY, ETC. NOTE
Bibliography, etc Includes bibliographical references and index.
650 #0 - SUBJECT ADDED ENTRY--TOPICAL TERM
Topical term or geographic name as entry element Production management.
9 (RLIN) 1383
650 #0 - SUBJECT ADDED ENTRY--TOPICAL TERM
Topical term or geographic name as entry element Management .
9 (RLIN) 619
906 ## - LOCAL DATA ELEMENT F, LDF (RLIN)
a 7
b cbc
c orignew
d 1
e ecip
f 20
g y-gencatlg
942 ## - ADDED ENTRY ELEMENTS (KOHA)
Source of classification or shelving scheme Other/Generic Classification Scheme
Koha item type Short Loan
Holdings
Withdrawn status Lost status Source of classification or shelving scheme Damaged status Not for loan Home library Current library Date acquired Source of acquisition Inventory number Total Checkouts Full call number Barcode Date last seen Koha item type
    Dewey Decimal Classification     MUST Main Library MUST Main Library 13/10/2014   14/37476   658 SLA 2013 2014-3031 13/10/2014 Short Loan
    Dewey Decimal Classification     MUST Main Library MUST Main Library 13/10/2014   14/37478   658 SLA 2013 2014-3032 13/10/2014 Short Loan